WPF: Windows Presentation Foundation в .NET 3.5 с примерами на C# 2008 для профессионалов: пер. с англ.

গ্রন্থ-পঞ্জীর বিবরন
প্রধান লেখক: Мак-Дональд М.
সংক্ষিপ্ত:Книга ведущего специалиста в области технологий .NET представляет собой учебное и справочное пособие по WPF, являющейся частью .NET 3.5, для разработчиков высококлассных приложений, которые ориентированы на Windows Vista (и Windows ХР). В ней предлагается материал, касающийся как первоначальной инсталляции, так и проектирования и развертывания приложений для конечных пользователей. Глубина изложения материала превращает эту книгу в незаменимый источник информации для разработчиков. Подробно рассматриваются XAML, элементы управления, компоновка, реализация навигации, локализации и развертывания ClickOnce. Немалое внимание уделяется работе с документами, начиная с отображения и редактирования и заканчивая выводом на печать. Предлагаются уникальные сведения по рисованию собственных графических элементов, внедрению мультимедиа-средств и работе с трехмерной графикой, включая трансформации, спецэффекты и анимацию, а также техника построения многопоточных приложений и совместного использования WPF и Windows Forms.Книга рассчитана на программистов разной квалификации, а также будет полезна студентам и преподавателям дисциплин, связанных с программированием и разработкой для Windows и .NET.
ভাষা:রুশ
প্রকাশিত: Москва, Вильямс, 2008
সংস্করন:2-е изд.
বিষয়গুলি:
বিন্যাস: MixedMaterials গ্রন্থ
KOHA link:https://koha.lib.tpu.ru/cgi-bin/koha/opac-detail.pl?biblionumber=241915

MARC

LEADER 00000nam0a2200000 4500
001 241915
005 20231101231844.0
010 |a 9785845914293 
035 |a (RuTPU)RU\TPU\book\263205 
035 |a RU\TPU\book\263159 
090 |a 241915 
100 |a 20130821d2008 km y0rusy50 ca 
101 1 |a rus  |c eng 
102 |a RU 
105 |a a z 001zy 
200 1 |a WPF: Windows Presentation Foundation в .NET 3.5 с примерами на C# 2008 для профессионалов  |e пер. с англ.  |f М. Мак-Дональд 
205 |a 2-е изд. 
210 |a Москва  |c Вильямс  |d 2008 
215 |a 922 с.  |c ил. 
320 |a Предм. указ.: с. 917-922. 
330 |a Книга ведущего специалиста в области технологий .NET представляет собой учебное и справочное пособие по WPF, являющейся частью .NET 3.5, для разработчиков высококлассных приложений, которые ориентированы на Windows Vista (и Windows ХР). В ней предлагается материал, касающийся как первоначальной инсталляции, так и проектирования и развертывания приложений для конечных пользователей. Глубина изложения материала превращает эту книгу в незаменимый источник информации для разработчиков. Подробно рассматриваются XAML, элементы управления, компоновка, реализация навигации, локализации и развертывания ClickOnce. Немалое внимание уделяется работе с документами, начиная с отображения и редактирования и заканчивая выводом на печать. Предлагаются уникальные сведения по рисованию собственных графических элементов, внедрению мультимедиа-средств и работе с трехмерной графикой, включая трансформации, спецэффекты и анимацию, а также техника построения многопоточных приложений и совместного использования WPF и Windows Forms.Книга рассчитана на программистов разной квалификации, а также будет полезна студентам и преподавателям дисциплин, связанных с программированием и разработкой для Windows и .NET. 
606 1 |a Платформа .NET  |2 stltpush  |3 (RuTPU)RU\TPU\subj\67723  |9 83415 
610 1 |a создание 
610 1 |a проектирование 
610 1 |a развертывание 
610 1 |a инструментальные средства 
610 1 |a WPF 
610 1 |a Windows Presentation Foundation 
610 1 |a Windows-приложения 
675 |a 004.4'2  |v 4 
700 1 |a Мак-Дональд  |b М. 
801 1 |a RU  |b 63413507  |c 20130820 
801 2 |a RU  |b 63413507  |c 20140423  |g RCR 
942 |c BK